25 plus grandes villes d'Île-de-France - Statistiques

Statistiques générales
  • Ce quiz a été pris 618 fois
    178 depuis la dernière actualisation
  • Le résultat moyen est 13 sur 26
Statistiques - réponses
Hint Réponse % Correct
2 103 778 Paris
98%
149 077 Saint-Denis
90%
84 095 Versailles
82%
97 783 Nanterre
80%
93 397 Créteil
76%
66 177 Evry-Courcouronnes
71%
106 130 Argenteuil
70%
111 934 Montreuil
63%
119 019 Boulogne-Billancourt
61%
70 906 Cergy
59%
88 365 Aubervilliers
58%
67 669 Issy-les-Moulineaux
51%
64 410 Clichy
45%
87 599 Aulnay-sous-Bois
41%
91 053 Colombes
41%
68 092 Levallois-Perret
41%
93 963 Vitry-sur-Seine
39%
82 902 Courbevoie
36%
72 390 Drancy
36%
65 064 Ivry-sur-Seine
36%
64 263 Antony
33%
72 978 Noisy-le-Grand
30%
82 874 Rueil-Malmaison
30%
93 941 Asnières-sur-Seine
29%
76 572 Saint-Maur-des-Fossés
27%
78 072 Champigny-sur-Marne
24%
Aucun quiz correspondant
Distribution des résultats
% des personnes avec chaque résultat
Percentile par nombre de réponses
Votre historique - résultats
Vous n’avez pas pris ce quiz depuis la dernière actualisation